00269nam a22001097a 4500003000400000082001800004100001000022245006000032260002600092300000800118650003300126SGT a617.522bE25A aAngel aEvaluation of internal fixationbpast, present & future bSGT University c2025 a185 aOral & Maxillofacial Surgery